000 00429nam a2200181Ia 4500
005 20250423095508.0
008 250422s9999 xx 000 0 und d
020 _a0-86534-318-7
050 _aRD594.3.T48/
100 _aStephen Thompson
245 0 _aGenesis: A Portrait Of A Spinal Cord Injury
260 _aUSA
260 _bSunStone Press
260 _c2001
300 _a288 p
650 _aLiterature
942 _cBK
999 _c30447
_d30447